00693cam a2200217 a 450000100100000000500170001000800410002704000250006804100130009308200180010610000290012424000390015324500840019226000430027630000210031949000150034053400650035565000250042065000150044583000150046000000661420200929153948.0760518s1965 nyu 001 0 eng  aDO-SdBNPbspacBNPHU17aenghfre a913.03bL296m1 aLantier, Raymond,d1886- 0aLa vie préhistorique.lInglés.10aMan before history /cRaymond Lantier ; traducción del francés Unity Evans. aNew York :bWalker and Company,c1965. a159 p. ;c22 cm.1 aA Sun book aPrimera publicación en francés :tLa vie préhistorique 0aPrehistoric peoples. 0aStone age. 0aA Sun book